Highest-Grossing Bollywood Movies Released in 2010 (Top 10) - Statistics

General Stats
  • This quiz has been taken 1 time
  • The average score is 9 of 10
Answer Stats
2010 % Correct
9 Anjaana Anjaani
100%
1 Dabangg
100%
3 Golmaal 3
100%
5 Housefull
100%
8 I Hate Luv Storys
100%
2 My Name Is Khan
100%
7 Once Upon A Time in Mumbaai
100%
4 Raajneeti
100%
6 Tees Maar Khan
100%
10 Khatta Meetha
0%
No matching quizzes found
Score Distribution
Percent of People with Each Score
Percentile by Number Answered
Your Score History
You have not taken this quiz